00313nam a2200121Ia 4500008004000000020001800040082001600058100001700074245002600091260003700117300001200154650002500166210210b2004 xxu||||| |||| 00| 0 eng d a81 7033 197 X a310/159 UGC aAHUJA (Ram). aIndian social system. aJaipurbRawat Publicationsc2004 axiv,458 aIndian social system